[Event "4NCL Division 1b"]
[Site "Northampton, ENG"]
[Date "2017.02.11"]
[Round "5.71"]
[White "Zakarian, David"]
[Black "Pardo Simon, David"]
[Result "0-1"]
[WhiteElo "2378"]
[BlackElo "2474"]
[PlyCount "126"]
[EventDate "2017.02.11"]
[WhiteTeam "Oxford 1"]
[BlackTeam "Grantham Sharks 1"]

1. e4 e5 2. Nf3 Nc6 3. Bb5 Nge7 4. d4 exd4 5. Nxd4 Nxd4 6. Qxd4 Nc6 7. Qe3 Bb4+
8. Bd2 O-O 9. O-O Bxd2 10. Qxd2 Qf6 11. Nc3 Ne7 12. Bc4 a6 13. Rae1 d6 14. f4
b5 15. Bd5 Rb8 16. b4 Bb7 17. Bxb7 Rxb7 18. e5 dxe5 19. fxe5 Qb6+ 20. Kh1 Rbb8
21. Qg5 Qc6 22. Ne4 Nd5 23. Rf3 h6 24. Qd2 Rbe8 25. Nc5 a5 26. a3 axb4 27. axb4
Re7 28. Rd3 Nb6 29. Rg3 Rfe8 30. e6 Kh8 31. Rf1 fxe6 32. Rf6 Qd6 33. Rxh6+ Kg8
34. Qxd6 cxd6 35. Ne4 Ra8 36. h4 Nc4 37. Rh5 d5 38. Nc3 Ra1+ 39. Kh2 Rc1 40.
Nxb5 Rxc2 41. Rb3 e5 42. Nc3 d4 43. Ne4 Re2 44. Ng3 Rb2 45. Rf3 Ne3 46. Nf5
Nxf5 47. Rhxf5 Rxb4 48. Rf8+ Kh7 49. R3f5 Rb6 50. Rd8 Kg6 51. g4 Rf6 52. Rg5+
Kf7 53. Rd5 e4 54. Rde5 Rxe5 55. Rxe5 e3 56. Kg2 Re6 57. Rf5+ Ke7 58. Kf1 Re4
59. Rg5 Kd6 60. Ke2 Re5 61. Rg6+ Re6 62. Rxg7 d3+ 63. Ke1 e2 0-1

[Event "4NCL Division 1b"]
[Site "Northampton, ENG"]
[Date "2017.02.11"]
[Round "5.72"]
[White "Ghasi, Ameet K"]
[Black "Martins, David Pires Tavares"]
[Result "1/2-1/2"]
[WhiteElo "2459"]
[BlackElo "2393"]
[PlyCount "72"]
[EventDate "2017.02.11"]
[WhiteTeam "Grantham Sharks 1"]
[BlackTeam "Oxford 1"]

1. Nf3 f5 2. d4 g6 3. h4 Nf6 4. Bg5 Bg7 5. Nbd2 d5 6. c4 c6 7. Rc1 Be6 8. e3
O-O 9. Qb3 Qb6 10. Bf4 dxc4 11. Bxc4 Bd5 12. Ng5 Na6 13. Ne6 Rfc8 14. O-O Kf7
15. Ng5+ Kg8 16. Be5 Qxb3 17. axb3 Nd7 18. Bg3 e5 19. Ne6 Bf6 20. e4 fxe4 21.
Nxe4 Re8 22. Bxd5 cxd5 23. Nxf6+ Nxf6 24. Nc7 Nxc7 25. Rxc7 exd4 26. Rxb7 Rac8
27. Rb4 Rc2 28. Rxd4 Rxb2 29. Rd3 Ree2 30. Bf4 Ng4 31. Rg3 Nf6 32. Rd3 Ng4 33.
Rg3 Nf6 34. Rf3 Ng4 35. Rg3 Nf6 36. Rd3 Ng4 1/2-1/2

[Event "4NCL Division 1b"]
[Site "Northampton, ENG"]
[Date "2017.02.11"]
[Round "5.73"]
[White "Tan, Justin"]
[Black "Roberson, Peter T"]
[Result "1/2-1/2"]
[WhiteElo "2453"]
[BlackElo "2398"]
[PlyCount "42"]
[EventDate "2017.02.11"]
[WhiteTeam "Oxford 1"]
[BlackTeam "Grantham Sharks 1"]

1. e4 e6 2. d4 d5 3. Nd2 c5 4. exd5 Qxd5 5. dxc5 Nf6 6. Ngf3 Qxc5 7. Bd3 Nbd7
8. O-O Qc7 9. Qe2 Nc5 10. Bc4 Bd6 11. b3 O-O 12. Bb2 b6 13. Rad1 Bb7 14. Ne5
Rad8 15. Ndf3 Nce4 16. a4 Bb4 17. Rxd8 Rxd8 18. Nd3 Be7 19. Be5 Bd6 20. h4 Bxe5
21. Ndxe5 h6 1/2-1/2

[Event "4NCL Division 1b"]
[Site "Northampton, ENG"]
[Date "2017.02.11"]
[Round "5.74"]
[White "Batchelor, Peter J"]
[Black "Eckersley-Waites, Tom"]
[Result "1/2-1/2"]
[WhiteElo "2327"]
[BlackElo "2321"]
[PlyCount "164"]
[EventDate "2017.02.11"]
[WhiteTeam "Grantham Sharks 1"]
[BlackTeam "Oxford 1"]

1. d4 d5 2. c4 dxc4 3. e3 Nf6 4. Bxc4 e6 5. Nf3 a6 6. O-O Nbd7 7. a4 c5 8. Nc3
Qc7 9. Qe2 Bd6 10. Rd1 O-O 11. h3 cxd4 12. exd4 b6 13. d5 e5 14. Be3 Re8 15.
Rac1 h6 16. Ba2 Qb8 17. Bb1 b5 18. axb5 axb5 19. Nd2 Bb7 20. Nde4 b4 21. Nxd6
Qxd6 22. Nb5 Qb8 23. Nc7 Rd8 24. Nxa8 Qxa8 25. Bf5 Bxd5 26. Ra1 Qb8 27. Qa6 Nf8
28. Qa5 Ne6 29. Bb6 Rd7 30. Ba7 Qb7 31. Bc5 Bxg2 32. Qxb4 Nxc5 33. Qxc5 Rd5 34.
Rxd5 Bxd5 35. Ra7 Qc6 36. Qxc6 Bxc6 37. b4 Kf8 38. Bd3 Ke8 39. b5 Bd5 40. b6
Kd8 41. Ra5 Kd7 42. Ba6 Kd6 43. Bc8 Kc6 44. b7 Kc7 45. Kh2 h5 46. Ra8 Bxb7 47.
Bxb7 Kxb7 48. Rf8 Kc6 49. Rxf7 Kd5 50. Rxg7 Ke4 51. h4 Nd5 52. Rg3 Nf4 53. Re3+
Kf5 54. Kg3 Ng6 55. Rf3+ Nf4 56. Re3 Ng6 57. Ra3 Nf4 58. Ra5 Ng6 59. Ra8 Ke4
60. Ra4+ Kf5 61. f3 Nf4 62. Ra8 Ne2+ 63. Kf2 Nf4 64. Rf8+ Ke6 65. Rg8 Kf7 66.
Ra8 Kf6 67. Rf8+ Ke6 68. Rh8 Kf5 69. Rh6 e4 70. fxe4+ Kg4 71. Ke3 Ng2+ 72. Kd4
Nxh4 73. Rf6 Kg5 74. Rf2 Ng6 75. e5 h4 76. e6 h3 77. Kc5 Nf4 78. Kd6 Nxe6 79.
Kxe6 Kg4 80. Ke5 Kg3 81. Ra2 h2 82. Rxh2 Kxh2 1/2-1/2

[Event "4NCL Division 1b"]
[Site "Northampton, ENG"]
[Date "2017.02.11"]
[Round "5.75"]
[White "Claridge-Hansen, William"]
[Black "Rendle, Thomas E"]
[Result "0-1"]
[WhiteElo "2284"]
[BlackElo "2359"]
[PlyCount "54"]
[EventDate "2017.02.11"]
[WhiteTeam "Oxford 1"]
[BlackTeam "Grantham Sharks 1"]

1. c4 f5 2. g3 Nf6 3. Bg2 d6 4. Nc3 g6 5. d3 Bg7 6. e4 Nc6 7. Nge2 O-O 8. O-O
e5 9. Nd5 Nh5 10. Be3 Nd4 11. f4 fxe4 12. dxe4 Bg4 13. Bxd4 exd4 14. Qd2 c6 15.
Nb4 Qa5 16. Nc1 c5 17. h3 Be6 18. g4 Nf6 19. Nb3 Qxb4 20. Qxb4 cxb4 21. Nxd4
Bxc4 22. Rfc1 Nxg4 23. Rxc4 Ne3 24. Rxb4 Bxd4 25. Rxd4 Nc2 26. Rad1 Nxd4 27.
Rxd4 Rad8 0-1

[Event "4NCL Division 1b"]
[Site "Northampton, ENG"]
[Date "2017.02.11"]
[Round "5.76"]
[White "Daskalov, Dimitar"]
[Black "Healey, Michael W"]
[Result "1-0"]
[WhiteElo "2329"]
[BlackElo "2185"]
[PlyCount "40"]
[EventDate "2017.02.11"]
[WhiteTeam "Grantham Sharks 1"]
[BlackTeam "Oxford 1"]

1. e4 e5 2. Bc4 Nc6 3. Nc3 Nf6 4. d3 Bb4 5. Nge2 d5 6. exd5 Nxd5 7. O-O Be6 8.
Ne4 Be7 9. Bb5 f5 10. N4c3 O-O 11. Bxc6 bxc6 12. f4 Bc5+ 13. Kh1 Ne3 14. Bxe3
Bxe3 15. Rf3 Bd4 16. Qd2 Rb8 17. b3 Qd6 18. Re1 Rbe8 19. Rff1 Re7 20. Na4 Rd8 {
phone} 1-0

[Event "4NCL Division 1b"]
[Site "Northampton, ENG"]
[Date "2017.02.11"]
[Round "5.77"]
[White "Foo, Zhi Rong Benjamin"]
[Black "Cumbers, Paul"]
[Result "1-0"]
[WhiteElo "2264"]
[BlackElo "2170"]
[PlyCount "85"]
[EventDate "2017.02.11"]
[WhiteTeam "Oxford 1"]
[BlackTeam "Grantham Sharks 1"]

1. e4 e6 2. b3 d5 3. Bb2 dxe4 4. Nc3 Nf6 5. Qe2 Be7 6. Nxe4 O-O 7. Nf3 Nbd7 8.
g4 b6 9. g5 Nd5 10. O-O-O a5 11. c4 Nb4 12. a3 Na6 13. d4 Bb7 14. Rg1 Kh8 15.
Qe3 Rg8 16. Bd3 Qf8 17. g6 fxg6 18. Nfg5 Bxg5 19. Nxg5 Nf6 20. Qxe6 Re8 21.
Nf7+ Qxf7 22. Qxf7 Rgf8 23. Qxe8 Rxe8 24. Rde1 Kg8 25. Rxe8+ Nxe8 26. Re1 Nf6
27. c5 bxc5 28. Bxa6 Bxa6 29. dxc5 Kf7 30. Bxf6 gxf6 31. Kd2 Bb7 32. Kc3 Bd5
33. b4 axb4+ 34. Kxb4 Bc6 35. a4 g5 36. a5 g4 37. a6 h5 38. a7 h4 39. Kc4 h3
40. Kd4 f5 41. Ke5 Kg6 42. Kf4 Kf6 43. Re5 1-0

[Event "4NCL Division 1b"]
[Site "Northampton, ENG"]
[Date "2017.02.11"]
[Round "5.78"]
[White "Ercsei, Estera-Alexandra"]
[Black "Matta, Francesca"]
[Result "0-1"]
[WhiteElo "1287"]
[BlackElo "1945"]
[PlyCount "142"]
[EventDate "2017.02.11"]
[WhiteTeam "Grantham Sharks 1"]
[BlackTeam "Oxford 1"]

1. e4 c5 2. g3 Nc6 3. Bg2 g6 4. Nf3 Bg7 5. O-O e6 6. Nc3 Nge7 7. d3 O-O 8. Be3
d6 9. Qd2 e5 10. Bh6 Nd4 11. Nxd4 cxd4 12. Ne2 Be6 13. Bxg7 Kxg7 14. f4 f6 15.
c3 dxc3 16. bxc3 Qc7 17. d4 Bc4 18. Rf2 Rac8 19. Rc1 Qa5 20. Qb2 Qa6 21. Bf1
Bd3 22. dxe5 dxe5 23. Qb4 Nc6 24. Qd6 Rfd8 25. Qc5 b6 26. Qe3 Qc4 27. Bh3 Rb8
28. fxe5 fxe5 29. Rcf1 Rf8 30. Rd1 Rxf2 31. Kxf2 Rf8+ 32. Ke1 Bxe2 33. Rd7+ Rf7
34. Qxe2 Qxc3+ 35. Qd2 Qxd2+ 36. Kxd2 Nd4 37. Rxf7+ Kxf7 38. Bg4 g5 39. Kd3 Ke7
40. Kc4 Kd6 41. a4 Kc6 42. Bd1 a6 43. h3 b5+ 44. axb5+ axb5+ 45. Kb4 Kb6 46. h4
h6 47. h5 Nc6+ 48. Kc3 Kc5 49. Bb3 Nd4 50. Bd1 b4+ 51. Kb2 Kc4 52. Bg4 Kd3 53.
Bf5 Kc4 54. Bg4 Nb5 55. Be2+ Kc5 56. Bg4 Nd6 57. Bf5 Kd4 58. Kb3 Nxe4 59. g4
Nf2 60. Kxb4 e4 61. Kb3 Kd3 62. Kb2 Kd2 63. Bxe4 Nxe4 64. Kb3 Ke3 65. Kc4 Kf4
66. Kd5 Nf6+ 67. Ke6 Nxg4 68. Kf7 Kf5 69. Kg7 Nf6 70. Kxh6 Nxh5 71. Kxh5 Kf4
0-1

[Event "4NCL Division 1b"]
[Site "Northampton, ENG"]
[Date "2017.02.12"]
[Round "6.61"]
[White "Speelman, Jon S"]
[Black "Tan, Justin"]
[Result "1/2-1/2"]
[WhiteElo "2522"]
[BlackElo "2453"]
[PlyCount "65"]
[EventDate "2017.02.12"]
[WhiteTeam "Wood Green HK"]
[BlackTeam "Oxford 1"]

1. d4 Nf6 2. c4 e6 3. Nc3 Bb4 4. e3 O-O 5. Bd3 c5 6. Nf3 cxd4 7. exd4 d5 8. O-O
dxc4 9. Bxc4 b6 10. Bg5 Bb7 11. Rc1 h6 12. Bh4 Nc6 13. Re1 Rc8 14. Bd3 Be7 15.
Bb1 Nh5 16. d5 Bxh4 17. Qc2 f5 18. dxc6 Bxc6 19. Rcd1 Qf6 20. Ne5 Be4 21. Nxe4
fxe4 22. Qxe4 Qxf2+ 23. Kh1 Nf6 24. Qg6 Qxe1+ 25. Rxe1 Bxe1 26. g3 Bf2 27. Kg2
Bd4 28. Ng4 Nxg4 29. Qxe6+ Kh8 30. Qxg4 Rcd8 31. Qe4 Rf2+ 32. Kh3 Kg8 33. Bc2
1/2-1/2

[Event "4NCL Division 1b"]
[Site "Northampton, ENG"]
[Date "2017.02.12"]
[Round "6.62"]
[White "Eckersley-Waites, Tom"]
[Black "Haria, Ravi"]
[Result "0-1"]
[WhiteElo "2321"]
[BlackElo "2413"]
[PlyCount "26"]
[EventDate "2017.02.12"]
[WhiteTeam "Oxford 1"]
[BlackTeam "Wood Green HK"]

1. e4 e6 2. d4 d5 3. Nc3 dxe4 4. Nxe4 Bd7 5. Nf3 Bc6 6. Neg5 Bd6 7. Bc4 h6 8.
Nxf7 Kxf7 9. d5 exd5 10. Bxd5+ Kf8 11. Bb3 Bb4+ 12. Ke2 Bxf3+ 13. Kxf3 Nc6 0-1

[Event "4NCL Division 1b"]
[Site "Northampton, ENG"]
[Date "2017.02.12"]
[Round "6.63"]
[White "Weaving, Richard"]
[Black "Zakarian, David"]
[Result "0-1"]
[WhiteElo "2342"]
[BlackElo "2378"]
[PlyCount "61"]
[EventDate "2017.02.12"]
[WhiteTeam "Wood Green HK"]
[BlackTeam "Oxford 1"]

1. e4 c5 2. Nf3 e6 3. d4 cxd4 4. Nxd4 a6 5. Nc3 Qc7 6. Bd3 Nf6 7. f4 d6 8. Qf3
b5 9. g4 Bb7 10. g5 Nfd7 11. Be3 g6 12. O-O-O b4 13. Nce2 Bg7 14. h4 Nc5 15.
Kb1 Nbd7 16. h5 Rg8 17. hxg6 hxg6 18. Rh7 O-O-O 19. Ng3 Kb8 20. Qe2 Nf8 21.
Rhh1 e5 22. Nf3 exf4 23. Bxf4 Nfe6 24. Be3 Na4 25. e5 Qa5 26. Ne4 Bd5 27. b3
Bxe4 28. bxa4 Bxf3 29. Qxf3 Qxe5 30. Kc1 Rge8 31. Qf2 0-1

[Event "4NCL Division 1b"]
[Site "Northampton, ENG"]
[Date "2017.02.12"]
[Round "6.64"]
[White "Martins, David Pires Tavares"]
[Black "Fitzsimons, David"]
[Result "0-1"]
[WhiteElo "2393"]
[BlackElo "2382"]
[PlyCount "90"]
[EventDate "2017.02.12"]
[WhiteTeam "Oxford 1"]
[BlackTeam "Wood Green HK"]

1. d4 Nf6 2. Bg5 Ne4 3. Bf4 Nc6 4. Nd2 Nxd2 5. Qxd2 d5 6. e3 Bf5 7. Nf3 e6 8.
Bb5 f6 9. O-O g5 10. Bg3 h5 11. h4 Bg4 12. Ne1 Bd6 13. c4 a6 14. Ba4 dxc4 15.
Bxc6+ bxc6 16. Qc2 c5 17. Qxc4 cxd4 18. exd4 gxh4 19. Bxh4 Rg8 20. f3 Bf5 21.
Nd3 Kf8 22. Rfe1 Qe8 23. Nc5 e5 24. Rad1 Qg6 25. Rd2 Re8 26. dxe5 Bxe5 27. Ree2
Rg7 28. Kf1 Rge7 29. Ne4 Qh6 30. Bf2 Bxe4 31. Qxe4 Bd6 32. Be3 Qg7 33. Qd3 a5
34. Bd4 Qg5 35. Rxe7 Rxe7 36. Re2 Qc1+ 37. Kf2 h4 38. g4 hxg3+ 39. Kg2 Qh6 40.
Bg1 Rh7 41. Kf1 Qc1+ 42. Re1 g2+ 43. Kf2 Bc5+ 44. Kxg2 Rg7+ 45. Kh3 Qh6# 0-1

[Event "4NCL Division 1b"]
[Site "Northampton, ENG"]
[Date "2017.02.12"]
[Round "6.65"]
[White "McDonald, Neil"]
[Black "Asenov, Pavel"]
[Result "1-0"]
[WhiteElo "2412"]
[BlackElo "2335"]
[PlyCount "53"]
[EventDate "2017.02.12"]
[WhiteTeam "Wood Green HK"]
[BlackTeam "Oxford 1"]

1. e4 e5 2. Nf3 Nc6 3. Bb5 a6 4. Ba4 Nf6 5. Qe2 Be7 6. c3 b5 7. Bc2 d6 8. d3
O-O 9. h3 Bb7 10. Nbd2 Re8 11. Nf1 h6 12. g4 d5 13. Ng3 Bf8 14. g5 hxg5 15.
Bxg5 Qd6 16. Nf5 Qe6 17. Rg1 Ne7 18. N3h4 Nxf5 19. Nxf5 g6 20. O-O-O c5 21. Kb1
c4 22. f3 Kh7 23. Rg4 Nh5 24. d4 Nf4 25. Rxf4 exf4 26. Qf2 dxe4 27. Qh4+ 1-0

[Event "4NCL Division 1b"]
[Site "Northampton, ENG"]
[Date "2017.02.12"]
[Round "6.66"]
[White "Gerlagh, Joris"]
[Black "Cooper, Lawrence H"]
[Result "1/2-1/2"]
[WhiteElo "2266"]
[BlackElo "2355"]
[PlyCount "91"]
[EventDate "2017.02.12"]
[WhiteTeam "Oxford 1"]
[BlackTeam "Wood Green HK"]

1. d4 d5 2. c4 c6 3. Nf3 Nf6 4. g3 Bf5 5. Bg2 e6 6. O-O Nbd7 7. Nc3 h6 8. Nd2
Be7 9. Re1 O-O 10. e4 dxe4 11. Ndxe4 Nxe4 12. Nxe4 Nf6 13. Nc3 Re8 14. Be3 Qa5
15. Qb3 Qb4 16. d5 Rec8 17. Qxb4 Bxb4 18. dxc6 bxc6 19. Rac1 a5 20. a3 Bxc3 21.
Rxc3 a4 22. b4 axb3 23. Rxb3 Ra4 24. Rc1 Be4 25. f3 Bg6 26. Bd4 c5 27. Bf2 Rc7
28. Rcc3 Nd7 29. f4 Kf8 30. Rb7 Rxb7 31. Bxb7 Ke7 32. Bc6 Ra5 33. a4 Kd6 34.
Bb5 Be4 35. Be1 Ra7 36. a5 Bc6 37. Rd3+ Kc7 38. Bc3 f6 39. Re3 e5 40. fxe5 Nxe5
41. h4 Kd6 42. Bxe5+ fxe5 43. Bxc6 Kxc6 44. Rxe5 Kd6 45. Rd5+ Kc6 46. Re5
1/2-1/2

[Event "4NCL Division 1b"]
[Site "Northampton, ENG"]
[Date "2017.02.12"]
[Round "6.67"]
[White "Arvola, Benjamin"]
[Black "Claridge-Hansen, William"]
[Result "1-0"]
[WhiteElo "2320"]
[BlackElo "2284"]
[PlyCount "85"]
[EventDate "2017.02.12"]
[WhiteTeam "Wood Green HK"]
[BlackTeam "Oxford 1"]

1. d4 Nf6 2. c4 e6 3. g3 d5 4. Bg2 c6 5. Qc2 Nbd7 6. Nf3 Bb4+ 7. Nbd2 b6 8. O-O
Bb7 9. b3 O-O 10. Bb2 Rc8 11. Rfd1 c5 12. dxc5 Bxc5 13. Rac1 dxc4 14. Nxc4 b5
15. Ng5 Bxf2+ 16. Kh1 Bxg2+ 17. Kxg2 Be3 18. Bxf6 Bxg5 19. Bxd8 Rfxd8 20. Rb1
bxc4 21. bxc4 g6 22. h4 Bf6 23. Qa4 Rc7 24. Rd2 Kg7 25. Qd1 Rb8 26. Rxb8 Nxb8
27. Rd3 h5 28. Rf3 Be5 29. Re3 Bf6 30. Qd6 Rc8 31. Rb3 Nc6 32. Rb7 Nd8 33. Rc7
Ra8 34. e4 e5 35. c5 a5 36. a4 g5 37. hxg5 Bxg5 38. Qxe5+ Bf6 39. Qxh5 Rb8 40.
e5 Rb2+ 41. Kh3 Rf2 42. exf6+ Rxf6 43. Qg5+ 1-0

[Event "4NCL Division 1b"]
[Site "Northampton, ENG"]
[Date "2017.02.12"]
[Round "6.68"]
[White "Matta, Francesca"]
[Black "Longson, Sarah N"]
[Result "1/2-1/2"]
[WhiteElo "1945"]
[BlackElo "2177"]
[PlyCount "58"]
[EventDate "2017.02.12"]
[WhiteTeam "Oxford 1"]
[BlackTeam "Wood Green HK"]

1. d4 d5 2. c4 dxc4 3. Nf3 Nf6 4. Nc3 e6 5. e4 Bb4 6. Bg5 h6 7. Bxf6 Bxc3+ 8.
bxc3 Qxf6 9. Bxc4 O-O 10. O-O c5 11. Qe2 Nc6 12. Rad1 b6 13. Qe3 cxd4 14. cxd4
Bb7 15. e5 Qe7 16. Nd2 Rac8 17. Bb3 Nb4 18. Nc4 Nd5 19. Qd2 Ba6 20. Rc1 Rc7 21.
Rfd1 Bxc4 22. Bxc4 Qb4 23. Qxb4 Nxb4 24. Bb3 Rxc1 25. Rxc1 Rd8 26. Rc4 a5 27.
a4 Nd3 28. Kf1 g6 29. g3 h5 1/2-1/2

[Event "4NCL Division 4 South"]
[Site "Telford, ENG"]
[Date "2017.02.11"]
[Round "5.11"]
[White "Rawlinson, Aidan M"]
[Black "Spencer, Douglas"]
[Result "1/2-1/2"]
[WhiteElo "2199"]
[BlackElo "1962"]
[PlyCount "113"]
[EventDate "2017.02.11"]
[WhiteTeam "Oxford 2"]
[BlackTeam "West is Best 2"]

1. d4 d5 2. c4 e6 3. Nf3 c6 4. e3 Nf6 5. b3 Be7 6. Bd3 O-O 7. Nbd2 c5 8. O-O b6
9. cxd5 exd5 10. Bb2 Bb7 11. Qc2 Nbd7 12. Rad1 Rc8 13. Qb1 Qc7 14. dxc5 bxc5
15. e4 dxe4 16. Nxe4 Nxe4 17. Bxe4 Bxe4 18. Qxe4 Bf6 19. Bxf6 Nxf6 20. Qc4 Rfe8
21. Rfe1 h6 22. Kf1 Kf8 23. Rc1 Rxe1+ 24. Rxe1 Nd7 25. Qe4 Nf6 26. Qe5 Qxe5 27.
Nxe5 Nd5 28. Nd7+ Kg8 29. Rc1 Nb4 30. a3 Na6 31. b4 c4 32. b5 Rc7 33. Ne5 Rc5
34. bxa6 Rxe5 35. Rxc4 Ra5 36. Rc8+ Kh7 37. Rc3 Rxa6 38. Ke2 Kg6 39. Kd3 Kf6
40. Kc4 Rc6+ 41. Kb4 Rd6 42. Kb5 Rb6+ 43. Ka5 Ke6 44. a4 Kd7 45. Rc4 Rf6 46. f3
Rd6 47. h4 h5 48. Rc5 g6 49. Kb5 Rb6+ 50. Kc4 Rb2 51. Ra5 Rxg2 52. Kd5 g5 53.
Rxa7+ Ke8 54. hxg5 Rxg5+ 55. Ke4 h4 56. f4 Rh5 57. Rb7 1/2-1/2

[Event "4NCL Division 4 South"]
[Site "Telford, ENG"]
[Date "2017.02.11"]
[Round "5.12"]
[White "Davies, Matthew"]
[Black "Dickinson, Tim R"]
[Result "1/2-1/2"]
[WhiteElo "1949"]
[BlackElo "2072"]
[PlyCount "61"]
[EventDate "2017.02.11"]
[WhiteTeam "West is Best 2"]
[BlackTeam "Oxford 2"]

1. d4 e6 2. c4 Nf6 3. Nc3 Bb4 4. e3 O-O 5. Nge2 c5 6. a3 cxd4 7. exd4 Be7 8.
Nf4 d6 9. Be2 Nc6 10. Be3 e5 11. dxe5 dxe5 12. Nfd5 Nxd5 13. Nxd5 Be6 14. O-O
f5 15. b4 f4 16. Nxe7+ Nxe7 17. Bc5 Qxd1 18. Rfxd1 Rfe8 19. Bf3 Nc6 20. b5 Na5
21. Bb4 Nxc4 22. Bxb7 Rad8 23. Bc6 Rxd1+ 24. Rxd1 Rc8 25. Kf1 Kf7 26. Ke2 Kf6
27. a4 Nb2 28. Rd6 Nc4 29. Rd1 Nb2 30. Rd6 Nc4 31. Rd1 {Drawn on Black's claim
of 3-fold repetition with 31. ... Nb2.} 1/2-1/2

[Event "4NCL Division 4 South"]
[Site "Telford, ENG"]
[Date "2017.02.11"]
[Round "5.13"]
[White "De Vogelaere, Robin"]
[Black "Gregory, Andrew M"]
[Result "1/2-1/2"]
[WhiteElo "1963"]
[BlackElo "1937"]
[PlyCount "76"]
[EventDate "2017.02.11"]
[WhiteTeam "Oxford 2"]
[BlackTeam "West is Best 2"]

1. c4 c5 2. g3 Nc6 3. Nc3 Nf6 4. Bg2 g6 5. e4 d6 6. Nge2 Bg7 7. O-O O-O 8. d3
e5 9. f4 Bg4 10. h3 Bxe2 11. Nxe2 Nd4 12. Nxd4 cxd4 13. f5 Nd7 14. Qe1 Nc5 15.
Rf3 a5 16. g4 g5 17. h4 h6 18. hxg5 hxg5 19. b3 f6 20. Rb1 Kf7 21. Rh3 Rh8 22.
Rxh8 Qxh8 23. Qg3 Qh4 24. Qxh4 gxh4 25. Bf1 Rh8 26. Kh2 Bh6 27. Bxh6 Rxh6 28.
Be2 Rh8 29. Rg1 b6 30. Kh3 Rh7 31. g5 fxg5 32. Rxg5 Rg7 33. Rxg7+ Kxg7 34. Kxh4
Kf6 35. Kg4 a4 36. b4 Na6 37. a3 Nxb4 38. Kf3 Nc2 1/2-1/2

[Event "4NCL Division 4 South"]
[Site "Telford, ENG"]
[Date "2017.02.11"]
[Round "5.14"]
[White "Staniforth, Matthew"]
[Black "Varney, Zoe"]
[Result "0-1"]
[WhiteElo "1892"]
[BlackElo "1988"]
[PlyCount "57"]
[EventDate "2017.02.11"]
[WhiteTeam "West is Best 2"]
[BlackTeam "Oxford 2"]

1. e4 e5 2. Nf3 Nc6 3. Nc3 Nf6 4. Be2 d5 5. exd5 Nxd5 6. O-O a6 7. Re1 Be7 8.
Bc4 Nxc3 9. bxc3 O-O 10. Qe2 Bd6 11. d4 exd4 12. Bg5 Qd7 13. cxd4 b5 14. Bd3
Bb4 15. Red1 Re8 16. Ne5 Nxe5 17. dxe5 Qg4 18. Qe4 Qxe4 19. Bxe4 Rb8 20. Bc6
Bg4 21. f3 Rxe5 22. Bf4 Rc5 23. Bxc7 Rc8 24. Bb7 R5xc7 25. Bxc8 Bxc8 26. Rd8+
Bf8 27. Re1 Be6 28. g4 Rxc2 29. f4 0-1

[Event "4NCL Division 4 South"]
[Site "Telford, ENG"]
[Date "2017.02.11"]
[Round "5.15"]
[White "Sheremetyeva, Elizaveta"]
[Black "Melsom, Jonathan T"]
[Result "1/2-1/2"]
[WhiteElo "1937"]
[BlackElo "1710"]
[PlyCount "41"]
[EventDate "2017.02.11"]
[WhiteTeam "Oxford 2"]
[BlackTeam "West is Best 2"]

1. e4 e6 2. d4 d5 3. e5 c5 4. c3 Nc6 5. Nf3 Qb6 6. Bd3 Bd7 7. O-O cxd4 8. cxd4
Nge7 9. Bc2 g6 10. Nc3 Bg7 11. Re1 O-O 12. Rb1 Nb4 13. Be3 Nxc2 14. Qxc2 Nf5
15. Qd2 Qd8 16. g4 Nh4 17. Qe2 f5 18. Kh1 Nxf3 19. Qxf3 f4 20. Bd2 Bc6 21. Rg1
1/2-1/2

[Event "4NCL Division 4 South"]
[Site "Telford, ENG"]
[Date "2017.02.11"]
[Round "5.16"]
[White "Jukes, Sam"]
[Black "Burrows, Nick"]
[Result "0-1"]
[WhiteElo "1723"]
[BlackElo "1875"]
[PlyCount "76"]
[EventDate "2017.02.11"]
[WhiteTeam "West is Best 2"]
[BlackTeam "Oxford 2"]

1. e4 c6 2. d4 d5 3. e5 Bf5 4. Bd3 Bxd3 5. Qxd3 e6 6. f4 Qa5+ 7. Bd2 Qa6 8.
Qxa6 Nxa6 9. Nf3 c5 10. c3 Ne7 11. O-O Nc6 12. Be3 Rc8 13. Nbd2 Be7 14. a3 c4
15. g4 b5 16. f5 Nc7 17. Ne1 a5 18. Nc2 b4 19. axb4 axb4 20. Rfb1 b3 21. Ne1
Kd7 22. Nef3 Ra8 23. Kg2 Rhb8 24. Ng1 Rb7 25. Rxa8 Nxa8 26. Ra1 Ra7 27. Rxa7+
Nxa7 28. Ndf3 Nb5 29. Nh3 Ba3 30. Bc1 Nxc3 31. bxa3 Na2 32. Bb2 c3 33. Bxc3
Nxc3 34. Nhg5 h6 35. Nxf7 Ne4 36. Nd6 b2 37. Nxe4 b1=Q 38. Nfd2 Qb2 0-1

[Event "4NCL Division 4 South"]
[Site "Telford, ENG"]
[Date "2017.02.11"]
[Round "5.61"]
[White "Neatherway, A Philip"]
[Black "Donaghay, Richard H"]
[Result "1-0"]
[WhiteElo "1846"]
[BlackElo "1874"]
[PlyCount "85"]
[EventDate "2017.02.11"]
[WhiteTeam "Oxford 3"]
[BlackTeam "Iceni 2"]

1. e4 d6 2. d4 Nf6 3. Nc3 g6 4. Bg5 Bg7 5. Qd2 h6 6. Be3 Ng4 7. O-O-O Nxe3 8.
Qxe3 Nd7 9. Bc4 e5 10. Nf3 exd4 11. Nxd4 Ne5 12. Bb3 Bg4 13. f3 Bd7 14. Rhe1
O-O 15. f4 Ng4 16. Qg3 Kh7 17. h3 Nf6 18. e5 dxe5 19. fxe5 Nh5 20. Qe3 Qg5 21.
Qxg5 hxg5 22. Nf3 Bc6 23. Nxg5+ Kg8 24. e6 Bh6 25. exf7+ Kg7 26. h4 Bxg5+ 27.
hxg5 Bxg2 28. Rd7 c5 29. Ree7 b5 30. Nxb5 Bc6 31. Nc7 Bxd7 32. Rxd7 Nf4 33.
Nxa8 Rxa8 34. Kd2 a5 35. Ke3 a4 36. Kxf4 axb3 37. axb3 Rc8 38. Ke5 c4 39. b4
Rb8 40. c3 Rb5+ 41. Rd5 Rb7 42. Ke6 Kf8 43. Rd8+ 1-0

[Event "4NCL Division 4 South"]
[Site "Telford, ENG"]
[Date "2017.02.11"]
[Round "5.62"]
[White "Collins, Jonathan"]
[Black "Terry, Sean"]
[Result "1/2-1/2"]
[WhiteElo "1798"]
[BlackElo "1917"]
[PlyCount "44"]
[EventDate "2017.02.11"]
[WhiteTeam "Iceni 2"]
[BlackTeam "Oxford 3"]

1. d4 Nf6 2. Nf3 e6 3. Nbd2 c5 4. e3 b6 5. b3 Bb7 6. Bd3 cxd4 7. exd4 d6 8. O-O
Be7 9. c4 O-O 10. Qe2 Nbd7 11. Bb2 Qc7 12. Rfe1 Rfe8 13. Rad1 Nf8 14. Ng5 d5
15. Bb1 Rac8 16. Rc1 Qf4 17. Ndf3 dxc4 18. bxc4 h6 19. Ne4 Nxe4 20. Bxe4 Bxe4
21. Qxe4 Qxe4 22. Rxe4 Nd7 1/2-1/2

[Event "4NCL Division 4 South"]
[Site "Telford, ENG"]
[Date "2017.02.11"]
[Round "5.63"]
[White "Foster, Timothy"]
[Black "Pott, Laurie"]
[Result "1-0"]
[WhiteElo "1864"]
[BlackElo "1798"]
[PlyCount "103"]
[EventDate "2017.02.11"]
[WhiteTeam "Oxford 3"]
[BlackTeam "Iceni 2"]

1. Nf3 Nf6 2. c4 c5 3. g3 g6 4. Bg2 Bg7 5. O-O Nc6 6. d4 cxd4 7. Nxd4 O-O 8.
Nc2 Qa5 9. Nc3 d6 10. e4 Qh5 11. Qxh5 Nxh5 12. Ne3 Be6 13. Ned5 Bxd5 14. cxd5
Nd4 15. Bd2 a6 16. Rac1 Rac8 17. Rfd1 Rxc3 18. Bxc3 Ne2+ 19. Kf1 Nxc1 20. Rxc1
Rc8 21. Bd2 Rxc1+ 22. Bxc1 Bd4 {(=)} 23. f3 Nf6 24. Bh3 b6 25. b3 Kf8 26. Bh6+
Ke8 27. Bc8 a5 28. Ke2 Kd8 29. Ba6 Kc7 30. Bb5 Nd7 31. Bxd7 Kxd7 32. Be3 Bc5
33. Bxc5 dxc5 34. a4 Kd6 35. Kd3 f5 36. exf5 gxf5 37. Kc4 Ke5 38. f4+ Ke4 39.
Kb5 Kxd5 40. Kxb6 c4 41. bxc4+ Kxc4 42. Kxa5 Kc5 43. Ka6 Kc6 44. a5 h5 45. h4
e6 46. Ka7 Kc7 47. a6 Kc8 48. Kb6 Kb8 49. a7+ Ka8 50. Ka6 e5 51. fxe5 f4 52. e6
1-0

[Event "4NCL Division 4 South"]
[Site "Telford, ENG"]
[Date "2017.02.11"]
[Round "5.64"]
[White "Goldsmith, Rory"]
[Black "Lim, Wei Xinq Sean"]
[Result "0-1"]
[WhiteElo "1712"]
[BlackElo "1757"]
[PlyCount "72"]
[EventDate "2017.02.11"]
[WhiteTeam "Iceni 2"]
[BlackTeam "Oxford 3"]

1. c4 e5 2. Nc3 Nf6 3. Nf3 Nc6 4. a3 d5 5. cxd5 Nxd5 6. e3 Bg4 7. h3 Bh5 8. Be2
Be7 9. O-O O-O 10. Qb3 Nxc3 11. Qxc3 e4 12. Nd4 Bxe2 13. Nxe2 Bf6 14. Qc2 Re8
15. Rb1 Qd5 16. b4 Rad8 17. Rd1 Qg5 18. Ng3 Qg6 19. b5 Nd4 20. exd4 Bxd4 21.
Nh1 Rd5 22. d3 exd3 23. Qxc7 Rde5 24. Bf4 Re2 25. Qd7 Qe4 26. Bd2 Re7 27. Qg4
Qd5 28. Rbc1 h5 29. Qg5 R7e5 30. Rc8+ Kh7 31. Qd8 Qb3 32. Rcc1 Bb2 33. Rb1 Qc2
34. Be3 R5xe3 35. fxe3 Rxg2+ 36. Kf1 Qe2# 0-1